000 004510000a22001810004500
003 MACL
005 20151230150419.0
008 151230b xxu||||| |||| 00| 0 eng d
040 _aMACL
_cMACL
041 _aEnglish
082 _a320.0954/NAR
100 _aJayaprakash, Narayan
_925015
245 _aPolitical In India
260 _bPopular Prakashan
_c1978
350 _a250
650 _aPolitical Science
_925016
942 _cBK
_k320.095/Nar
_2ddc
999 _c34114
_d34114